00891cam a2200217 a 4500001001300000003000400013005001700017008004100034010001700075025001900092035001900111040001300130043001200143050002600155110004300181245020000224260008000424300006100504651004400565710006400609sa 67004206 DLC20260227112344.0781121s1962 pk abf 000 0 eng  asa 67004206  aPL480:P-E-1121 a(OCoLC)4390627 aDLCcDLC aa-pk---00aHN690.5.B83bC36 19622 aCambridge University Asian Expedition.14aThe Budhopur report :ba study of the forces of tradition and change in a Punjabi village in the Gujranwala District, West Pakistan /cby the members of the Cambridge University Asian Expedition. aLahore :bSocial Sciences Research Centre, University of the Panjab,c1962. aix, 82 p., [13] leaves of plates :bill., maps ;c28 cm. 0aBudhopur (Pakistan)xSocial conditions.2 aUniversity of the Punjab.bSocial Sciences Research Centre.